| 000 | 00819nam a2200241 i 4500 | ||
|---|---|---|---|
| 001 | 150995 | ||
| 003 | ES-MaACL | ||
| 005 | 20230906203807.0 | ||
| 007 | t| | ||
| 008 | 071126s1969 sp ||||1| spa d | ||
| 080 | _a619:351.779.8(46)(078) | ||
| 100 | 1 |
_aAlonso Núñez, Manuel. _920373 |
|
| 245 | 1 | 0 |
_aSegundo ejercicio : _bCuerpo Nacional Veterinario / _cManuel Alonso Núñez, Pablo Gredilla Rodríguez, Benito Talegón Heras. |
| 260 |
_aMadrid : _bPons, _c1969. |
||
| 300 |
_a2 v. ; _c31 cm. |
||
| 490 | 1 | _aContestaciones Pons | |
| 610 | 2 | 7 |
_aCuerpo Nacional Veterinario- _vContestaciones para oposiciones. _93356 |
| 700 | 1 |
_aGredilla Rodríguez, Pablo. _959824 |
|
| 700 | 1 |
_aTalegón Heras, Benito. _9109119 |
|
| 830 | 1 |
_aContestaciones Pons _9181920 |
|
| 852 | 4 |
_aES-MaACL _jP-1452 |
|
| 999 |
_c150995 _d150995 |
||